000 00905nam a2200253Ia 4500
003 OSt
005 20221005112329.0
006 a|||||r|||| 00| 0
007 ta
008 221004b |||||||| |||| 00| 0 pan d
020 _a9788178563305 (hbk)
_c200
024 _a116188
037 _b613, 22/02/2012, H.K. Prakashan
_cTextual
040 _aCRL
_cCRL
_bpan
041 _2pan
_apan
082 _aO153,2v, Q2.1
100 _aਸਾਗਰ, ਸਬਿੰਦਰਜੀਤ ਸਿੰਘ
245 0 _aਪੰਜਾਬੀ ਨਾਟਕ ਦਾ ਇਤਿਹਾਸ
260 _aਅੰਮ੍ਰਿਤਸਰ
_bਵਾਰਿਸ ਾਹ ਭਾਰਤ
_c2012
300 _a144ਪੰ
_ccm.
650 _aਪੰਜਾਬੀ ਸਾਹਿਤ
942 _hO153,2v, Q2.1
_cTEXL
_2cc
999 _c1024571
_d1024571